Atlanta Hawks 2024-2025 Roster - Statistics

General Stats
  • This quiz has been taken 53 times
    19 since last reset
  • The average score is 9 of 17
Answer Stats
Jersey # Answer % Correct
1 Jalen Johnson
100%
11 Trae Young
93%
17 Onyeka Okongwu
86%
5 Dyson Daniels
79%
10 Zaccharie Risacher
64%
15 Clint Capela
57%
18 Mouhamed Gueye
57%
3 Caris LeVert
50%
2 Keaton Wallace
50%
4 Kobe Bufkin
43%
27 Vit Krejci
43%
14 Terance Mann
36%
0 Dominick Barlow
29%
22 Larry Nance Jr
29%
20 Georges Niang
21%
29 Daeqwon Plowden
14%
24 Garrison Mathews
7%
No matching quizzes found
Score Distribution
Percent of People with Each Score
Percentile by Number Answered
Your Score History
You have not taken this quiz since the last reset